Database systems

Bewaard in:
Bibliografische gegevens
Hoofdauteur: Paul Beynon-Davies
Formaat: Boek
Taal:Undetermined
Gepubliceerd in: New York Palgrave MacMillan 2004
Onderwerpen:
Tags: Voeg label toe
Geen labels, Wees de eerste die dit record labelt!
Thư viện lưu trữ: Trung tâm Học liệu Trường Đại học Cần Thơ
LEADER 00483nam a2200193Ia 4500
001 CTU_87489
008 210402s9999 xx 000 0 und d
020 |c 802000 
082 |a 005.74 
082 |b B573 
100 |a Paul Beynon-Davies 
245 0 |a Database systems 
245 0 |c Paul Beynon-Davies 
260 |a New York 
260 |b Palgrave MacMillan 
260 |c 2004 
650 |a databases 
904 |i Giang 
980 |a Trung tâm Học liệu Trường Đại học Cần Thơ